| 000 | 00000nam 2200000zi 4500 |
| 001 | 9.939429 |
| 003 | CaOODSP |
| 005 | 20250122131458 |
| 006 | m o d f |
| 007 | cr cn||||||||| |
| 008 | 240617e202406##oncda ob f000 0 fre d |
| 020 | |a9780660723976 |
| 040 | |aCaOODSP|bfre|erda|cCaOODSP |
| 043 | |an-cn--- |
| 086 | 1 |aIu4-273/2024F-PDF |
| 245 | 00|aÉvaluation du Programme de financement des petites entreprises du Canada : |brapport d’évaluation / |cDirection générale de la vérification et de l'évaluation. |
| 264 | 1|a[Ottawa] : |bInnovation, sciences et développement économique Canada = Innovation, Science and Economic Development Canada, |cjuin 2024. |
| 264 | 4|c©2024 |
| 300 | |a1 ressource en ligne (29, [4] pages) : |bgraphiques, illustrations |
| 336 | |atexte|btxt|2rdacontent/fre |
| 337 | |ainformatique|bc|2rdamedia/fre |
| 338 | |aressource en ligne|bcr|2rdacarrier/fre |
| 500 | |aTitre de la couverture. |
| 500 | |aPublié aussi en anglais sous le titre : Canada Small Business Financing Program: evaluation report. |
| 504 | |aComprend des références bibliographiques (page 29). |
| 530 | |aÉgalement publié en version imprimée. |
| 650 | 6|aAide de l'État aux petites et moyennes entreprises|zCanada|xÉvaluation. |
| 710 | 1 |aCanada. |bInnovation, sciences et développement économique Canada. |bDirection générale de la vérification et de l'évaluation, |eorganisme de publication. |
| 775 | 08|tEvaluation of the Canada Small Business Financing Program : |w(CaOODSP)9.939427 |
| 776 | 0#|tÉvaluation du Programme de financement des petites entreprises du Canada / |w(CaOODSP)9.939430 |
| 795 | |tRapport d'évaluation de Programme de financement des petites enterprises du Canada / |w(CaOODSP)9.883084 |
| 856 | 40|qPDF|s2.75 Mo|uhttps://publications.gc.ca/collections/collection_2025/isde-ised/Iu4-273-2024-fra.pdf |
| 856 | 4 |qHTML|sS.O.|uhttps://ised-isde.canada.ca/site/verification-evaluation/fr/evaluation/evaluation-programme-financement-petites-entreprises-canada?auHash=fJIBBkv95a0xaQeJ3V0dhB0VBHhZLJtTz_bh3tMupCQ |